El raleo de frutas de duraznero y su incidencia económica y productiva

Guardado en:
Detalles Bibliográficos
Autor principal: Reyes C., Domingo (autor)
Formato: Libro
Lenguaje:español
Publicado: Valparaíso Eds. Universitarias de Valparaíso 1972
Materias:
Etiquetas: Agregar Etiqueta
Sin Etiquetas, Sea el primero en etiquetar este registro!

MARC

LEADER 00000nam a2200000 a 4500
001 UCX9920
003 CL-VaPUC
008 940704e19720000CL |||||||||||||||||spa|d
082 0 4 |a 634.25  |b REY  |2 21 
100 |a Reyes C., Domingo  |e autor  |9 327444 
245 1 3 |a El raleo de frutas de duraznero y su incidencia económica y productiva 
300 |a 45 p 
942 |c BK 
945 |d 19940704 00:00:00  |a mfernand 
260 |a Valparaíso  |b Eds. Universitarias de Valparaíso  |c 1972 
650 7 |a DURAZNOS RALEO  |2 CL-VaPUC  |9 327445 
583 |a last modification  |c 19940704 00:00:00  |k Rodrigo Vera 
999 |c 229037  |d 229035